MDQL
is popping MORE tags! Check the
thread
!
Quizzes
Events
Quiz Creation
Community
Videos
Private Events
Remove Ads
Sign In
Join for FREE
Feedback
Dark Mode
Quiz Categories
Sports
Geography
Music
Movies
Television
Just For Fun
Miscellaneous
History
Literature
Language
Science
Gaming
Entertainment
Religion
Holiday
For Kids
Quiz Lab
Recent
Popular Today
Quiz Kudos Today
Editor Picks
Curator Picks
Quizzes by...
Day
Popularity
Type
Ratings
Length
Year
Community
Subscriptions
Recent Discussions
Orange Saloon
Badges
Playlists
Quests
Create
Leaderboards
Showdown
Live 5
Trivia Bingo
Activity
Puzzle Library
Sporcle Events
Private Events
Virtual Trivia
Globe League
Become a Host
Pub Owners
SporcleCon
Opinionation
Our Games
Videos
Blog
Mobile Apps
Partnerships
Remove Ads and Go Orange
Feedback
Sports
Athletes
MLB
NBA
NHL
NFL
Soccer
Sports Teams
WWE
NCAA
Football
Premier League
Basketball
Baseball
Hockey
Golf
Tennis
Cricket
Rugby
Auto Racing
Olympics
World Cup
Sports
Athletes
MLB
NBA
NHL
NFL
Soccer
Sports Teams
WWE
NCAA
Football
Premier League
Basketball
Baseball
Hockey
Golf
Tennis
Cricket
Rugby
Auto Racing
Olympics
World Cup
Random Quiz
Search Sporcle
×
Quiz Lab
Quiz Lab
Sports
England
Type in answers that appear in a list
Type in answers that appear in a list
Classic
Best Score? Go Orange.
Past England Managers Stats
Can you name the Past England Football Managers?
By
squidy03
7m
16 Questions
91 Plays
91 Plays
91 Plays
Comments
Comments
Give Quiz Kudos
Give Quiz Kudos
-
- Ratings
hide this ad
Replay
Link that replays current quiz
Next Quiz
Link to next quiz in quiz playlist
You Got
0%
They Got
Avg Score
68%
Avg Friend Score
Upgrade to see
Score Distribution
Jump to the score distribution portion of the page
Score
0/16
Timer
07:00
0
Plays Today
Term
Manager
% Correct
2008-
Present
Fabio Capello
95.6%
1963-
1974
Sir Alf Ramsey
89%
1996-
1999
Glenn Hoddle
86.8%
1999-
2000
Kevin Keegan
86.8%
2001-
2006
Sven-Goran Eriksson
86.8%
1982-
1990
Sir Bobby Robson
85.7%
1990-
1993
Graham Taylor
81.3%
2006-
2007
Steve McClaren
80.2%
Term
Manager
% Correct
1994-
1996
Terry Venables
78%
2000-
2001
Peter Taylor
76.9%
1974-
1977
Don Revie
64.8%
1977-
1982
Ron Greenwood
52.7%
1999,2000
Howard Wilkinson
51.6%
1946-
1963
Walter Winterbottom
46.2%
1974
Joe Mercer
28.6%
1872-
1939
Football Association
22%
Quiz Playlist
Details
Report
Send in Message
Add To Playlist
Classic:
Type in answers that appear in a list
Last Updated: Feb 16, 2017
Quiz Scoreboard
CHALLENGE
Sign Up to Join the Scoreboard
Show All
Scores
Hide
Comments
May contain spoilers
Recently Published
Image Sorting: Flags VI
by Barbecue
Geography
2m
Find the 'City' Movie
by crazypaving
Movies
60s
Colored Red Africa Blitz
by spor1
Geography
45s
More to Explore
Quiz From the Vault
Featured Blog Post
14 Easter Pick-up Lines to Find Eggs With
hide this ad
You Might Also Like...
Tags
England
Manager
past
Term
Today's Top Quizzes in Sports
Browse Sports
hide this ad
Today's Top Quizzes in England
Browse England
Top Contributed Quizzes in Sports
1
Les meilleurs buteurs des matchs entre le PSG et l’OM
2
Les entraîneurs de l'OM et du PSG au 21e siècle
3
Les joueurs passés par le PSG et l'OM
4
2022 World Cup Stars
5
Players with Multiple 50 Home Run Seasons
6
Criteria MLB: Left Handed Sluggers
7
MLB Players with Two .350 Batting Average Seasons
8
Les joueurs passés par le LOSC et le RC Lens
9
NBA Logic Puzzle 2.0
10
Top 10 NHL Goal Scorers of All Time
Explore More
Trending Topics
Harry Potter
Kpop
Anime
Crossword
NBA
Marvel
Disney
Pokémon
NFL
Song
WWE
Soccer
The Office
Puzzle
Country
hide this ad
More By:
squidy03
Quiz
Plays
Rating
Category
Featured
Created
Nations in the Premier League
4,309
4.32
Sports
Feb 16, 2011
World Darts Champion
2,112
4.80
Sports
Mar 24, 2010
National Animals
1,410
3.75
Geography
Sep 17, 2010
Most Watched Sports
1,186
2.53
Sports
Mar 25, 2010
Fifa Soccer Champions
931
4.46
Sports
Nov 3, 2010
Go to Creator's Profile
Score Distribution
Quiz Creator Spotlight
squidy03
Follow
Send a Message
Quizzes Created
-
Created Quiz Play Count
-
More By This Creator
Popular Quizzes Today
1
Colored Red Africa Blitz
2
Find the US States - No Outlines Minefield
3
Find the 'City' Movie
4
5x2 Blitz: Bands
5
The Countries of the World
6
Find the US States
7
Find the Countries of Europe - No Outlines Minefield
8
US States
More Sports Quizzes
Paint the World Cup 2018
Published
Trending Quizzes
Colored Red Europe Blitz I
Colored Red Europe Blitz II
Colored Red Africa Blitz II
Colored Red Europe Blitz III
Colored Red Africa Blitz III
Recently Updated
How Do You Spell That?
pecheneg
Godzilla Movies
pecheneg
Grab Bag: 4-10 Letters
pecheneg
2024 March Madness Bracket
pecheneg
Famous TV Couples
Peacemaker
Champions League XIs: Real Madrid
pecheneg
Largest US Cities 1790-2010
pecheneg
Rides in Walt Disney World
pecheneg
Most Oscar Losses (Acting)
pecheneg
Beyoncé Albums
pecheneg
Trending Topics
Disney
Kpop
Crossword
Harry Potter
Marvel
NBA
Anime
Country
The Office
Puzzle
Soccer
WWE
Pokémon
NFL
Song
Your Account Isn't Verified!
In order to create a playlist on Sporcle, you need to verify the email address you used during registration. Go to your
Sporcle Settings
to finish the process.
Report this User
Report this user for behavior that violates our
Community Guidelines
.
Details:
Send Report
Go to the Sporcle.com Mobile Site →
Comments